00368nam a2200145Ia 4500008004100000082001300041100001800054245005000072250000800122260002500130300001200155500002400167650001400191700001700205230524s9999 xx 000 0 und d a540bAUR aJ.C.Kuriacose 0aChemistry in Engineering and Technology Vol-I a1ST aNEW DELHIbTMHc2001 aXVI;655 aQuantity Number: 2 aChemistry a J.Rajaraman